André Villas-Boas' Tottenham - Statistics

General Stats
  • This quiz has been taken 16 times
  • The average score is 28 of 43
Answer Stats
Rank Player Position Nationality Matches Goals Assists % Correct
14 Emmanuel Adebayor Centre-Forward 35 8 1
100%
9 Gareth Bale Right Winger 44 26 10
100%
8 Hugo Lloris Goalkeeper 52 0 0
100%
2 Jan Vertonghen Centre-Back 70 8 4
100%
5 Jermain Defoe Centre-Forward 61 24 8
100%
4 Mousa Dembélé Central Midfield 67 3 6
100%
3 Gylfi Sigurdsson Attacking Midfield 68 11 9
93%
1 Kyle Walker Right-Back 71 1 7
93%
28 Christian Eriksen Central Midfield 13 1 3
87%
11 Clint Dempsey Second Striker 43 12 7
87%
32 Danny Rose Left-Back 7 1 0
87%
34 Harry Kane Centre-Forward 7 1 0
87%
22 Paulinho Central Midfield 21 4 2
87%
19 Brad Friedel Goalkeeper 27 0 0
80%
26 Erik Lamela Right Winger 14 1 4
80%
6 Aaron Lennon Right Winger 56 4 9
73%
21 Benoît Assou-Ekotto Left-Back 22 1 0
73%
13 Lewis Holtby Central Midfield 36 3 8
73%
27 Nacer Chadli Left Winger 14 2 4
73%
37 Rafael van der Vaart Attacking Midfield 2 0 0
73%
24 Roberto Soldado Centre-Forward 17 9 2
73%
7 Michael Dawson Centre-Back 56 2 0
67%
10 Sandro Central Midfield 44 2 2
67%
20 William Gallas Centre-Back 24 1 0
67%
40 Carlo Cudicini Goalkeeper 1 0 0
60%
43 Jermaine Jenas Central Midfield 1 0 0
60%
36 Ryan Mason Central Midfield 3 0 0
60%
17 Tom Huddlestone Defensive Midfield 28 0 6
60%
18 Andros Townsend Right Winger 28 3 3
53%
15 Scott Parker Central Midfield 29 0 2
53%
29 Vlad Chiricheș Defensive Midfield 11 1 0
53%
31 Younès Kaboul Centre-Back 10 0 0
53%
12 Kyle Naughton Right-Back 39 0 4
47%
16 Steven Caulker Centre-Back 28 2 1
47%
30 Étienne Capoue Defensive Midfield 10 0 0
40%
39 Adam Smith Right-Back 1 0 0
27%
35 Iago Falque Right Winger 5 0 0
27%
23 Jake Livermore Defensive Midfield 18 0 0
27%
25 Tom Carroll Central Midfield 16 0 4
27%
38 Jonathan Obika Centre-Forward 2 0 0
20%
42 Ryan Fredericks Right-Back 1 0 1
20%
41 Shaq Coulthirst Centre-Forward 1 0 0
20%
33 Zeki Fryers Left-Back 7 0 0
13%
No matching quizzes found
Score Distribution
Percent of People with Each Score
Percentile by Number Answered
Your Score History
You have not taken this quiz